Państwa według ich godła #2 - Statystyki

Ogólne statystyki
  • Ten quiz został rozwiązany 167 razy
  • Średni wynik to 10 z 15
Statystyki odpowiedzi
Obrazkowy Odpowiedź % Poprawnych
Egipt
97%
Meksyk
96%
Watykan
92%
Australia
91%
Argentyna
90%
Rosja
80%
Wielka Brytania
73%
Japonia
70%
Haiti
64%
Peru
63%
Arabia Saudyjska
57%
Bhutan
54%
Tajlandia
54%
Botswana
36%
Demokratyczna Republika Konga
28%
Nie znaleziono quizów pasujących do podanych kryteriów
Rozkład punktacji
Procent ludzi z każdym wynikiem
Percentyl według liczby udzielonych odpowiedzi
Twoja historia wyników
Nie rozwiązałeś tego quizu